LEADER 01791nam0 22003853i 450 001 RML0451864 005 20231121125803.0 100 $a20200224d1996 ||||0itac50 ba 101 | $aeng 102 $agb 181 1$6z01$ai $bxxxe 182 1$6z01$an 200 1 $aKing Alfred's west-saxon version of *Gregory's pastoral care, with an english translation, the latin text, notes, and an introduction$fedited by Henry Sweet 210 $aLondon$cOxford University Press$d[1996] 215 $aXLII, 508 p.$d23 cm 300 $aRipr. facs. dell'ed.: Londra, 1871 700 0$aGregorius I$c $3CFIV005166$4070$0330455 702 1$aSweet$b, Henry$3SBLV070797 790 0$aGregorius : Magnus$c $3CFIV079232$zGregorius I 790 0$aGregorio : Magno$c $3CFIV079234$zGregorius I 790 0$aGrégoire : le Grand$c $3CFIV081552$zGregorius I 790 0$aGregoriu$c $3CFIV117761$zGregorius I 790 0$aGregorius$c $3CFIV145115$zGregorius I 790 0$aGrigore : cel Mare$3CFIV200953$zGregorius I 790 0$aGregorio$c $3SBNV032041$zGregorius I 790 0$aGregorio I$c $3SBNV068518$zGregorius I 790 0$aGregorius$c $3SBNV068519$zGregorius I 801 3$aIT$bIT-01$c20200224 850 $aIT-FR0017 899 $aBiblioteca umanistica Giorgio Aprea$bFR0017 $eN 912 $aRML0451864 950 0$aBiblioteca umanistica Giorgio Aprea$d 52EETS Presso studio Tinaburri$e 52FLS0000151665 VMN RS $fF $h20200224$i20200224 977 $a 52 996 $aGregory's pastoral care, with an english translation, the latin text, notes, and an introduction$93634141 997 $aUNICAS